|
|
|
|
| LEADER |
01005nam a2200217 a 4500 |
| 001 |
GR-MES4904 |
| 008 |
991111s1991 gr 000 0 gre d |
| 040 |
|
|
|a GrPaTEI
|b gre
|c GR-PaULI
|
| 245 |
0 |
0 |
|a Παλαιοχριστιανική και βυζαντινή αρχιτεκτονική.
|
| 260 |
|
|
|a Αθήνα :
|b Μορφωτικό ιδρυμα Εθνικής τραπέζης,
|c 1991
|
| 300 |
|
|
|a 678σελ. :
|b εικ.
|
| 650 |
|
4 |
|a Αρχιτεκτονική
|
| 650 |
|
4 |
|a ΒΥΖΑΝΤΙΝΗ ΑΡΧΙΤΕΚΤΟΝΙΚΗ
|
| 650 |
|
4 |
|a Ιστορία
|
| 650 |
|
4 |
|a ΠΑΛΑΙΟΧΡΙΣΤΙΑΝΙΚΗ ΑΡΧΙΤΕΚΤΟΝΙΚΗ
|
| 700 |
1 |
|
|a Krautheimer, Richard,
|d 1897-1994
|
| 700 |
1 |
|
|a Μαλλούχου-Tufano, Φανή
|
| 942 |
|
|
|2 ddc
|
| 952 |
|
|
|0 0
|1 0
|2 ddc
|4 0
|6 723_200000000000000_ΚΡΑ
|7 0
|9 269534
|a MSLG
|b MSLG
|c BSC
|d 2021-01-17
|e 24
|f 0
|g 0.00
|l 0
|o 723.2 ΚΡΑ
|p 2420000013381
|r 2021-01-17 00:00:00
|t 1
|w 2021-01-17
|y BK15
|x 19991111 0 1
|x GrPaTEI
|
| 971 |
|
|
|a .b25759516
|b 16-04-20
|c 13-09-16
|
| 999 |
|
|
|c 155535
|d 155535
|